000
00330nam a22001457a 4500
008
210303b ||||| |||| 00| 0 eng d
020
_a
9780534344627
041
_a
eng
080
_2
5th
_a
510
082
_a
510
100
_a
36
101
_a
MAT
245
_a
Mathematics its Power and Utility
_c
Smith, K. J
942
_2
udc
_c
BK
999
_c
55673
_d
55673